000
00220 a2200097 4500
001
13372
100
_a
Moussa, P
245
_a
the under privileged nations
260
_a
London
_b
Sigwidke Jackson
_c
090
_c
10388
_d
10388
942
_a
NUST-CAE
_c
M
_c
434
999
_c
248445
_d
248445